| 000 | 01577nam a2200373Ia 4500 | ||
|---|---|---|---|
| 001 | ebr10039193 | ||
| 003 | CaPaEBR | ||
| 006 | m u | ||
| 007 | cr cn||||||||| | ||
| 008 | 011025s2001 enka s 001 0 eng d | ||
| 020 | _z1900222280 (IWA) | ||
| 020 | _z924154533X (WHO) | ||
| 040 |
_aCaPaEBR _cCaPaEBR |
||
| 035 | _a(OCoLC)56118886 | ||
| 050 | 1 | 4 |
_aRA591 _b.W38 2001xeb |
| 245 | 0 | 0 |
_aWater quality _h[electronic resource] : _bguidelines, standards, and health : assessment of risk and risk management for water-related infectious disease / _cedited by Lorna Fewtrell and Jamie Bartram. |
| 246 | 3 | _aWater quality guidelines, standards, and health | |
| 260 |
_aLondon : _bIWA Pub., _c2001. |
||
| 300 |
_axiv, 431 p. : _bill., tables. |
||
| 490 | 1 | _aWorld Health Organization water series | |
| 500 | _a"Published on behalf of the World Health Organization"--T.p. verso. | ||
| 500 | _aIncludes index. | ||
| 533 |
_aElectronic reproduction. _bPalo Alto, Calif. : _cebrary, _d2009. _nAvailable via World Wide Web. _nAccess may be limited to ebrary affiliated libraries. |
||
| 650 | 0 |
_aWater quality _xHealth aspects. |
|
| 650 | 0 |
_aWater quality _xStandards. |
|
| 650 | 0 | _aWaterborne infection. | |
| 650 | 0 | _aHealth risk assessment. | |
| 655 | 7 |
_aElectronic books. _2local |
|
| 700 | 1 | _aFewtrell, Lorna. | |
| 700 | 1 | _aBartram, Jamie. | |
| 710 | 2 | _aebrary, Inc. | |
| 830 | 0 | _aWorld Health Organization water series. | |
| 856 | 4 | 0 |
_uhttp://site.ebrary.com/lib/rucke/Doc?id=10039193 _zAn electronic book accessible through the World Wide Web; click to view |
| 999 |
_c164669 _d164669 |
||